| 000 | 00539nam a2200169 a 4500 | ||
|---|---|---|---|
| 001 | 000033166 | ||
| 003 | DO-SdBNP | ||
| 005 | 20240226143926.0 | ||
| 008 | 110818s1961 dr 000 0 spa d | ||
| 040 |
_aDO-SdBNP _bspa _cBNPHU |
||
| 049 | _aBNPD | ||
| 100 | 1 |
_aContín, Silvestre Emilio, _d1904- _934485 |
|
| 245 | 1 | 4 |
_aLos predestinados : _bnovela basada en hechos históricos / _cSilvestre Emilio Contín. |
| 260 |
_aCiudad Trujillo, República Dominicana : _bImp. Arte y Cine, _c1961. |
||
| 300 |
_a112 p. ; _c23 cm. |
||
| 942 |
_2ddc _cLBS1 |
||
| 999 |
_c32657 _d32657 |
||